| 000 | 004370000a22001570004500 | ||
|---|---|---|---|
| 001 | 004244 | ||
| 003 | MACL | ||
| 040 | _aMACL | ||
| 090 |
_c16237 _d16236 |
||
| 100 | _aSardana, J.L | ||
| 245 |
_aLibraries And Informations Studies In Retrospect And Prospect Essays In Honour Of Prof. D.K. Kalia _bVol 2 _cJ.L Sardana |
||
| 260 |
_aConcept Publishing Company, _c2002 |
||
| 350 | _a1900 | ||
| 650 | _aLibrary Operations | ||
| 942 |
_k25 _cBook |
||
| 999 |
_c16135 _d16135 |
||